[Event "Ýòàï Êóáêà Ðîññèè ïî øàõìàòàì ñðåäè æåíù"]
[Site "Naberezhnye Chelny"]
[Date "2017.08.04"]
[Round "3.15"]
[White "Ìàëüöåâà, Àëåêñàíäðà."]
[Black "Ñòðîãàíîâà, Êàðèíà."]
[Result "0-1"]
[WhiteElo "1145"]
[BlackElo "1625"]
[PlyCount "48"]
[EventDate "2017.08.02"]

1. e4 e5 2. Nf3 Nc6 3. Bb5 a6 4. Bxc6 dxc6 5. O-O Bg4 6. h3 Bh5 7. Nc3 Nf6 8.
d3 Bc5 9. Be3 Bd4 10. Rb1 Qd7 11. Qe2 h6 12. Rfc1 g5 13. Bxd4 exd4 14. Na4 b6
15. c3 g4 16. Ne5 Qe6 17. Nxg4 Nxg4 18. hxg4 Bxg4 19. Qd2 Rg8 20. Kf1 b5 21.
Nc5 Qd6 22. Nb3 Qh2 23. f3 Bxf3 24. Qf2 Rxg2 0-1

[Event "Ýòàï Êóáêà Ðîññèè ïî øàõìàòàì ñðåäè æåíù"]
[Site "Naberezhnye Chelny"]
[Date "2017.08.04"]
[Round "3.16"]
[White "Ìàãèçîâà, ßíà."]
[Black "Àëèøåâà, Àéãóëü."]
[Result "1-0"]
[WhiteElo "1556"]
[BlackElo "1199"]
[PlyCount "52"]
[EventDate "2017.08.02"]

1. e4 e5 2. c4 Nc6 3. Nc3 Bc5 4. g3 d6 5. Bg2 Nf6 6. Nge2 O-O 7. O-O Be6 8. d3
Ne7 9. Kh1 Qd7 10. Na4 Bb6 11. Nxb6 axb6 12. Bg5 Ne8 13. f4 Bh3 14. Bxh3 Qxh3
15. Bxe7 exf4 16. Nxf4 Qd7 17. Bxf8 Kxf8 18. Qh5 Nf6 19. Qh4 c6 20. Nh5 Nxh5
21. Qxh5 Kg8 22. Rf4 Rf8 23. Raf1 b5 24. Rh4 h6 25. Rff4 bxc4 26. dxc4 b5 {...}
1-0

[Event "Ýòàï Êóáêà Ðîññèè ïî øàõìàòàì ñðåäè æåíù"]
[Site "Naberezhnye Chelny"]
[Date "2017.08.04"]
[Round "3.17"]
[White "Íóðóëëèíà, Ðàëèíà."]
[Black "Áóäêèíà, Êàðîëèíà."]
[Result "0-1"]
[WhiteElo "1080"]
[BlackElo "1380"]
[PlyCount "112"]
[EventDate "2017.08.02"]

1. e4 e5 2. Nf3 Nc6 3. Bc4 Bc5 4. d3 Nf6 5. O-O O-O 6. c3 d5 7. exd5 Nxd5 8.
Nxe5 Nxe5 9. d4 Nxc4 10. dxc5 Be6 11. b3 Ne5 12. Re1 Qf6 13. Nd2 Bf5 14. Nf3
Nd3 15. Bg5 Qxc3 16. Re2 Qxc5 17. Rc2 Qb4 18. Nh4 Qe4 19. Rc4 Qe6 20. Qd2 h6
21. Nxf5 Qxf5 22. Be3 Nxe3 23. Qxe3 Rfe8 24. Qg3 c6 25. Rg4 g6 26. h3 Re2 27.
Rd4 Qxf2+ 28. Qxf2 Nxf2 29. Rd7 b6 30. Rf1 Nxh3+ 31. gxh3 Rf8 32. Rxa7 f5 33.
Ra4 g5 34. h4 f4 35. hxg5 hxg5 36. Rf3 Rfe8 37. Rb4 b5 38. a4 R8e5 39. a5 Ra2
40. Rd4 Rxa5 41. Rd8+ Kf7 42. Rc8 Kf6 43. Rxc6+ Kf5 44. Rc8 Kg4 45. Kg2 Re2+
46. Rf2 Raa2 47. Rxe2 Rxe2+ 48. Kf1 f3 49. Rf8 Kg3 50. Rf5 g4 51. Rxb5 Rb2 52.
Re5 Rxb3 53. Re1 Rb2 54. Re3 Rb1+ 55. Re1 Rxe1+ 56. Kxe1 Kg2 0-1

[Event "Ýòàï Êóáêà Ðîññèè ïî øàõìàòàì ñðåäè æåíù"]
[Site "Naberezhnye Chelny"]
[Date "2017.08.04"]
[Round "3.18"]
[White "Àõòûðñêàÿ, Àíàñòàñèÿ."]
[Black "Øàêèðîâà, Êàðèíà."]
[Result "1-0"]
[WhiteElo "1468"]
[BlackElo "1172"]
[PlyCount "43"]
[EventDate "2017.08.02"]

1. e4 e5 2. Nc3 Nf6 3. f4 d6 4. Bc4 Be7 5. d3 O-O 6. Nf3 Nc6 7. f5 Na5 8. Bb3
Bd7 9. O-O Nxb3 10. axb3 Bc6 11. Kh1 Re8 12. Qe1 Ng4 13. Qg3 Nf6 14. Bd2 Kh8
15. Ng5 Nh5 16. Nxf7+ Kg8 17. Qh3 Kxf7 18. Qxh5+ Kg8 19. Rf3 Rf8 20. Rh3 h6 21.
Bxh6 gxh6 22. Qg6+ 1-0

[Event "Ýòàï Êóáêà Ðîññèè ïî øàõìàòàì ñðåäè æåí"]
[Site "Naberezhnye Chelny"]
[Date "2017.08.05"]
[Round "4.1"]
[White "Õàðìóíîâà, Íàäåæäà."]
[Black "Íå÷àåâà, Ìàðèíà."]
[Result "0-1"]
[WhiteElo "2162"]
[BlackElo "2432"]
[PlyCount "72"]
[EventDate "2017.08.02"]

1. e4 c6 2. Nf3 d5 3. Nc3 Bg4 4. h3 Bxf3 5. Qxf3 e6 6. Be2 Bc5 7. O-O Nd7 8.
Rd1 d4 9. Nb1 Ngf6 10. d3 Bd6 11. g4 Ne5 12. Qg2 Ng6 13. Qf1 Bf4 14. Nd2 h5 15.
gxh5 Nxh5 16. Bg4 Bxd2 17. Bxd2 Nhf4 18. c3 Qg5 19. Qg2 f5 20. exf5 exf5 21.
Bf3 Qf6 22. Re1+ Kf7 23. Bxf4 Nxf4 24. Qg3 Nxh3+ 25. Kf1 f4 26. Qg4 Rad8 27.
cxd4 Rh4 28. Qg2 Rxd4 29. Re2 Qg5 30. Rae1 Qxg2+ 31. Kxg2 Ng5 32. Re7+ Kf6 33.
Rxb7 Rh2+ 34. Kf1 Nxf3 35. Ree7 Ne5 36. Ke2 f3+ 0-1

[Event "Ýòàï Êóáêà Ðîññèè ïî øàõìàòàì ñðåäè æåí"]
[Site "Naberezhnye Chelny"]
[Date "2017.08.05"]
[Round "4.2"]
[White "Ìèðçîåâà, Ýëüìèðà."]
[Black "Ìàêàðåíêî, Àëåêñàíäðà."]
[Result "1-0"]
[WhiteElo "2307"]
[BlackElo "2243"]
[PlyCount "79"]
[EventDate "2017.08.02"]

1. d4 Nf6 2. c4 g6 3. Nc3 Bg7 4. e4 d6 5. Nf3 O-O 6. Be2 e5 7. Be3 Ng4 8. Bg5
f6 9. Bh4 g5 10. Bg3 Nh6 11. h3 Nd7 12. dxe5 dxe5 13. O-O c6 14. b4 Qe7 15. Qb3
f5 16. c5+ Kh8 17. exf5 Nxf5 18. Ne4 Nd4 19. Nxd4 exd4 20. f3 Ne5 21. Rad1 Be6
22. Qa3 Rad8 23. Rfe1 h5 24. Nd6 h4 25. Bf2 Rf4 26. Qxa7 g4 27. fxg4 Qf8 28.
Bxh4 Ra8 29. Qxb7 Rxa2 30. Qe7 Qxe7 31. Bxe7 Bd5 32. Bg5 Rf8 33. Nf5 d3 34. Bf1
Nc4 35. Rxd3 Ba1 36. Re2 Ra4 37. Bh6 Rd8 38. Re1 Ne5 39. Bg7+ Kh7 40. Bxe5 1-0

[Event "Ýòàï Êóáêà Ðîññèè ïî øàõìàòàì ñðåäè æåí"]
[Site "Naberezhnye Chelny"]
[Date "2017.08.05"]
[Round "4.3"]
[White "Ñåìåíîâà, Åëåíà."]
[Black "Õëè÷êîâà, Òàòüÿíà."]
[Result "1-0"]
[WhiteElo "2275"]
[BlackElo "2285"]
[PlyCount "125"]
[EventDate "2017.08.02"]

1. e4 e6 2. d4 d5 3. e5 c5 4. c3 Nc6 5. Nf3 Qb6 6. a3 c4 7. Nbd2 Na5 8. Be2 Bd7
9. O-O Ne7 10. Rb1 Qc7 11. Re1 Nc8 12. Nf1 Nb6 13. Bf4 O-O-O 14. Qd2 h6 15. h4
Be7 16. Qe3 Rdg8 17. h5 Qd8 18. N1d2 Ba4 19. Rbc1 Kb8 20. Nh2 g6 21. Qh3 Bd7
22. Bg4 Bg5 23. Qf3 Qe7 24. Re3 Ka8 25. hxg6 Bxf4 26. Qxf4 fxg6 27. Be2 g5 28.
Qf6 Qe8 29. Rf3 g4 30. Re3 h5 31. Qh4 Nc6 32. Bd1 Ne7 33. Bc2 Ng6 34. Bxg6 Rxg6
35. Nhf1 Nc8 36. Re2 Ne7 37. Ne3 Rgg8 38. f4 gxf3 39. Nxf3 Ng6 40. Qh2 Qf8 41.
Nh4 Be8 42. Rf1 Qg7 43. Rf6 Nf8 44. Ref2 Nh7 45. Rxe6 Ng5 46. Nhf5 Qd7 47. Rd6
Qc7 48. Nxd5 Qb8 49. Nf6 Rf8 50. Qh4 Nf7 51. Nxe8 Rxe8 52. Rd7 Nxe5 53. dxe5
Qxe5 54. Rfd2 Rb8 55. R2d5 Qe6 56. Nd4 Qe3+ 57. Kh2 Rhg8 58. Rd8 Rgxd8 59. Rxd8
Qe5+ 60. Kh1 a6 61. Nf3 Qe3 62. Rxb8+ Kxb8 63. Qd8+ 1-0

[Event "Ýòàï Êóáêà Ðîññèè ïî øàõìàòàì ñðåäè æåí"]
[Site "Naberezhnye Chelny"]
[Date "2017.08.05"]
[Round "4.4"]
[White "Ãóòêîâè÷, Ïîëèíà."]
[Black "×àðî÷êèíà, Äàðüÿ."]
[Result "1-0"]
[WhiteElo "1885"]
[BlackElo "2344"]
[PlyCount "49"]
[EventDate "2017.08.02"]

1. d4 d5 2. c4 c6 3. Nc3 Nf6 4. Nf3 e6 5. Bg5 Nbd7 6. cxd5 exd5 7. e3 h6 8. Bh4
g5 9. Bg3 Nh5 10. Bd3 Nxg3 11. hxg3 Bg7 12. Qc2 Qe7 13. Bf5 Nb6 14. g4 Bxf5 15.
Qxf5 Nc4 16. b3 Nd6 17. Qd3 Qe6 18. Nh2 O-O 19. f3 Rae8 20. Kd2 c5 21. Rae1 c4
22. Qc2 cxb3 23. axb3 Rc8 24. Qd3 Rc6 25. Rc1 {...} 1-0

[Event "Ýòàï Êóáêà Ðîññèè ïî øàõìàòàì ñðåäè æåí"]
[Site "Naberezhnye Chelny"]
[Date "2017.08.05"]
[Round "4.5"]
[White "Âàñèëåâè÷, Òàòüÿíà."]
[Black "Àçèìîâà, Êàðèíà."]
[Result "1/2-1/2"]
[WhiteElo "2380"]
[BlackElo "2061"]
[PlyCount "77"]
[EventDate "2017.08.02"]

1. d4 Nf6 2. Bg5 Ne4 3. Bf4 d5 4. f3 Nf6 5. e3 c5 6. c3 Nc6 7. Bd3 cxd4 8. exd4
Nh5 9. Be3 e5 10. dxe5 Nxe5 11. Bb5+ Nc6 12. Ne2 Bd6 13. O-O O-O 14. g3 Bh3 15.
Re1 Re8 16. Bf2 a6 17. Ba4 Qf6 18. Nd2 b5 19. Bb3 Qg5 20. Nf1 Nf6 21. Nd4 Nxd4
22. Qxd4 h5 23. Rad1 Red8 24. Bc2 Bf5 25. Bxf5 Qxf5 26. Ne3 Qxf3 27. Nxd5 Ng4
28. Rd3 Qf5 29. Rdd1 Ne5 30. Qe4 Qf3 31. Nf4 Qg4 32. h3 Qf3 33. Rxd6 Rxd6 34.
Qxe5 Rd2 35. Rf1 Rad8 36. Qe3 Qxe3 37. Bxe3 Rxb2 38. Nxh5 Rxa2 39. Bd4 {....}
1/2-1/2

[Event "Ýòàï Êóáêà Ðîññèè ïî øàõìàòàì ñðåäè æåí"]
[Site "Naberezhnye Chelny"]
[Date "2017.08.05"]
[Round "4.6"]
[White "Øàôèãóëëèíà, Çàðèíà."]
[Black "Øàéäóëëèíà, Ñàíäóãà÷."]
[Result "1-0"]
[WhiteElo "2086"]
[BlackElo "2252"]
[PlyCount "81"]
[EventDate "2017.08.02"]

1. d4 d5 2. c4 c6 3. Nf3 e6 4. g3 f5 5. Bg2 Nf6 6. O-O Bd6 7. b3 Qe7 8. Bb2 O-O
9. Qc1 b6 10. Ba3 c5 11. Nc3 a6 12. cxd5 exd5 13. Na4 Nbd7 14. Nxb6 Nxb6 15.
dxc5 Bd7 16. cxd6 Qxe2 17. Re1 Qb5 18. Nd4 Qa5 19. Bc5 Rac8 20. b4 Qa4 21. Bf3
Ne4 22. Rxe4 Rxc5 23. Qxc5 fxe4 24. Bd1 Qa3 25. Qxb6 e3 26. Bb3 exf2+ 27. Kg2
Qb2 28. Rf1 h5 29. Qc5 Bg4 30. Qxd5+ Kh8 31. h3 Be2 32. Nxe2 Qxe2 33. Bd1 Qb5
34. Qxb5 axb5 35. Rxf2 Rd8 36. Rd2 g6 37. d7 Kg7 38. Be2 Kf6 39. Bxb5 Ke5 40.
Re2+ Kd6 41. Re8 1-0

[Event "Ýòàï Êóáêà Ðîññèè ïî øàõìàòàì ñðåäè æåí"]
[Site "Naberezhnye Chelny"]
[Date "2017.08.05"]
[Round "4.7"]
[White "Ñìèðíîâà, Åêàòåðèíà."]
[Black "×åêìàðåâà, Ëèÿ."]
[Result "1/2-1/2"]
[WhiteElo "2141"]
[BlackElo "2092"]
[PlyCount "95"]
[EventDate "2017.08.02"]

1. d4 Nf6 2. c4 g6 3. Nc3 d5 4. cxd5 Nxd5 5. e4 Nxc3 6. bxc3 Bg7 7. Nf3 c5 8.
Be3 O-O 9. Be2 cxd4 10. cxd4 Nc6 11. O-O Bg4 12. d5 Bxf3 13. Bxf3 Na5 14. Rc1
b5 15. Be2 a6 16. Qd2 Nb7 17. Bf4 Re8 18. e5 Qa5 19. Qxa5 Nxa5 20. Bf3 Rad8 21.
Rfe1 Nc4 22. h4 h6 23. g4 g5 24. hxg5 hxg5 25. Bg3 Rc8 26. Bg2 Red8 27. Rc2 e6
28. dxe6 fxe6 29. Bb7 Rb8 30. Bxa6 Rb6 31. Rxc4 bxc4 32. Bxc4 Rd4 33. Bb3 Rxg4
34. Kg2 Kf7 35. Rc1 Bf8 36. Rc7+ Be7 37. Rc8 Rd4 38. Rc7 Rdb4 39. Rc8 Rd4 40.
Rc7 Rdb4 41. Rc8 R4b5 42. Rc7 Rc5 43. Rd7 Rc8 44. Rd3 Rbc6 45. Rd7 R8c7 46. Rd3
Rc3 47. Rd1 Rc1 48. Rd3 1/2-1/2

[Event "Ýòàï Êóáêà Ðîññèè ïî øàõìàòàì ñðåäè æåí"]
[Site "Naberezhnye Chelny"]
[Date "2017.08.05"]
[Round "4.8"]
[White "Ëûñåíêî, Ìàðãàðèòà."]
[Black "Ïîãîðåëüñêèõ, Ñîôüÿ."]
[Result "1/2-1/2"]
[WhiteElo "2126"]
[BlackElo "2028"]
[PlyCount "120"]
[EventDate "2017.08.02"]

1. Nf3 c5 2. g3 Nc6 3. Bg2 g6 4. O-O Bg7 5. e4 d6 6. Re1 e5 7. Nc3 Nge7 8. d3
O-O 9. Nh4 Rb8 10. a4 a6 11. Nd5 Nxd5 12. exd5 Ne7 13. c4 Bd7 14. b3 h6 15. Bb2
Kh7 16. Nf3 f5 17. Nd2 Ng8 18. Qe2 Nf6 19. f4 exf4 20. gxf4 Re8 21. Qf1 Nh5 22.
Bxg7 Kxg7 23. Rxe8 Qxe8 24. Re1 Qf7 25. Qf2 Qf6 26. Nf1 Re8 27. Rxe8 Bxe8 28.
Ng3 Qa1+ 29. Bf1 Nf6 30. h3 Qc3 31. Qe3 Bf7 32. Kf2 Qxb3 33. Qe7 Qb2+ 34. Be2
Qb6 35. a5 Qxa5 36. Qxd6 Qb4 37. Qe7 a5 38. d6 a4 39. Qe5 Qb6 40. d4 a3 41.
dxc5 Qb2 42. Qxb2 axb2 43. Bd3 Bxc4 44. Bb1 Nd7 45. Ke3 Kf6 46. Kd4 Bb5 47. h4
h5 48. Nh1 Ba6 49. Nf2 Ke6 50. Ba2+ Kf6 51. Nd1 b1=Q 52. Bxb1 Bb5 53. Ba2 Bc6
54. Ne3 Kg7 55. Bd5 Bxd5 56. Nxd5 Kf7 57. Nb6 Nb8 58. Nc4 Nc6+ 59. Kd5 Nb4+ 60.
Kd4 Nc6+ 1/2-1/2

[Event "Ýòàï Êóáêà Ðîññèè ïî øàõìàòàì ñðåäè æåí"]
[Site "Naberezhnye Chelny"]
[Date "2017.08.05"]
[Round "4.9"]
[White "Ñîñíèíà, Íàäåæäà."]
[Black "Êîçèíà, Àíàñòàñèÿ."]
[Result "1-0"]
[WhiteElo "1687"]
[BlackElo "2132"]
[PlyCount "43"]
[EventDate "2017.08.02"]

1. e4 c5 2. Nf3 d6 3. d4 cxd4 4. Nxd4 Nf6 5. Nc3 a6 6. Bc4 e6 7. Bb3 b5 8. Bg5
Be7 9. Qf3 Qc7 10. O-O-O O-O 11. e5 Bb7 12. exf6 Bxf3 13. fxe7 Bxd1 14. Nxe6
Qc8 15. exf8=Q+ Qxf8 16. Nxf8 Bg4 17. Be7 Nc6 18. Bxd6 Rd8 19. Bc5 g6 20. f3
Bf5 21. Rd1 Re8 22. Nd7 1-0

[Event "Ýòàï Êóáêà Ðîññèè ïî øàõìàòàì ñðåäè æåí"]
[Site "Naberezhnye Chelny"]
[Date "2017.08.05"]
[Round "4.10"]
[White "Ñàìóñåíêî, Ðàìçèÿ."]
[Black "Çèííàòóëëèíà, Àäåëÿ."]
[Result "0-1"]
[WhiteElo "2228"]
[BlackElo "1985"]
[PlyCount "80"]
[EventDate "2017.08.02"]

1. d4 Nf6 2. Bf4 d5 3. e3 e6 4. Nf3 c5 5. c3 Nbd7 6. Nbd2 b6 7. Bb5 Bb7 8. Ne5
a6 9. Bd3 Be7 10. O-O O-O 11. Rc1 b5 12. Bg5 h6 13. Bh4 Ne4 14. Bxe7 Qxe7 15.
f4 c4 16. Bb1 Qe8 17. Bxe4 dxe4 18. b3 cxb3 19. axb3 f5 20. c4 Nxe5 21. fxe5
Qd8 22. Qe2 Bc6 23. g3 Qa5 24. Ra1 Qb4 25. Rfb1 Qe7 26. c5 Qd7 27. Ra5 Bb7 28.
Rba1 g5 29. Qh5 Kh7 30. Nf1 f4 31. Rd1 Qd5 32. Rd2 fxe3 33. Nxe3 Qxb3 34. Qe2
Rf3 35. Ng4 e3 36. Rd3 Qb1+ 37. Rd1 Qe4 38. Qd3 Qxd3 39. Rxd3 e2 40. Nf6+ Kg6
0-1

[Event "Ýòàï Êóáêà Ðîññèè ïî øàõìàòàì ñðåäè æåí"]
[Site "Naberezhnye Chelny"]
[Date "2017.08.05"]
[Round "4.11"]
[White "Òåðÿåâà, Âàëåðèÿ."]
[Black "Áåëîâà, Îëüãà."]
[Result "0-1"]
[WhiteElo "1771"]
[BlackElo "2042"]
[PlyCount "118"]
[EventDate "2017.08.02"]

1. e4 e5 2. Nc3 Nf6 3. g3 d5 4. exd5 Nxd5 5. Bg2 Nxc3 6. bxc3 Bd6 7. Rb1 Nc6 8.
Nf3 O-O 9. O-O b6 10. Nxe5 Nxe5 11. Bxa8 c6 12. d4 Bg4 13. f3 Nxf3+ 14. Rxf3
Qxa8 15. Qd3 Bxf3 16. Qxf3 Qe8 17. Bd2 Qe6 18. Rb3 Re8 19. Qxc6 Qe2 20. Rb1 Re6
21. Re1 Qxd2 22. Rxe6 Qd1+ 23. Kf2 fxe6 24. Qxd6 Qxc2+ 25. Kg1 Qb1+ 26. Kg2
Qxa2+ 27. Kh3 h6 28. Qc7 Qe2 29. Qb8+ Kh7 30. Qxa7 Qf1+ 31. Kh4 Qf5 32. Qc7 Kg6
33. g4 Qc2 34. Qe5 Kh7 35. Qg3 b5 36. Kh3 Qe2 37. Qg2 Qd3+ 38. Qg3 Qe2 39. Qf4
Qc2 40. Qe3 Qg6 41. Qf3 Qb1 42. Qe2 Qh1 43. Qg2 Qe1 44. Qf3 Kg6 45. Qd3+ Kf6
46. Qf3+ Kg5 47. d5 Qe5 48. dxe6 Qxe6 49. Kg3 Qe1+ 50. Kg2 Qe5 51. h3 g6 52.
Qd3 Kh4 53. Qd8+ g5 54. Qd3 Qf4 55. c4 bxc4 56. Qc3 Qe4+ 57. Kh2 Qe2+ 58. Kg1
Qd3 59. Qg7 Qe3+ 0-1

[Event "Ýòàï Êóáêà Ðîññèè ïî øàõìàòàì ñðåäè æåí"]
[Site "Naberezhnye Chelny"]
[Date "2017.08.05"]
[Round "4.12"]
[White "Ôàéðóçîâà, Çóëüôèÿ."]
[Black "Íèêîíîâà, Èðèíà."]
[Result "1/2-1/2"]
[WhiteElo "1707"]
[BlackElo "1839"]
[PlyCount "102"]
[EventDate "2017.08.02"]

1. d4 d5 2. c4 e6 3. Nc3 f5 4. e3 Nf6 5. f4 b6 6. Nf3 Bb7 7. Bd3 g6 8. O-O Nbd7
9. b3 Be7 10. Bb2 a6 11. Ne5 Nxe5 12. fxe5 Ng4 13. Qe1 Bh4 14. Qe2 h5 15. h3
Nh6 16. cxd5 exd5 17. Qf3 Nf7 18. Rad1 Ng5 19. Qf4 Ne6 20. Qf3 Ng5 21. Qf4 Ne6
22. Qf3 Qd7 23. Rc1 b5 24. Qd1 Bg5 25. Qf3 h4 26. Ne2 a5 27. Nf4 Bxf4 28. exf4
Kf7 29. Qe2 c6 30. Qe3 Qd8 31. Be2 Qb6 32. Rfd1 Rac8 33. Ba3 b4 34. Bb2 Ba6 35.
Bf3 Rcg8 36. Rc5 Bb7 37. Be2 Ke7 38. a3 g5 39. fxg5 Rxg5 40. Qf2 Ba6 41. Bc1 f4
42. Bxa6 Qxa6 43. Bxf4 Rf5 44. Bg5+ Rxg5 45. Qf6+ Kd7 46. Qf7+ Kd8 47. Qxe6
Rxg2+ 48. Kxg2 Qe2+ 49. Kh1 Qxd1+ 50. Kh2 Qe2+ 51. Kh1 Qf1+ 1/2-1/2

[Event "Ýòàï Êóáêà Ðîññèè ïî øàõìàòàì ñðåäè æåí"]
[Site "Naberezhnye Chelny"]
[Date "2017.08.05"]
[Round "4.13"]
[White "Ñòðîãàíîâà, Êàðèíà."]
[Black "ßêèìîâà, Ìàðèÿ."]
[Result "1-0"]
[WhiteElo "1625"]
[BlackElo "1772"]
[PlyCount "61"]
[EventDate "2017.08.02"]

1. d4 Nf6 2. Nf3 e6 3. Bf4 c5 4. e3 b6 5. Nbd2 Bb7 6. c3 cxd4 7. exd4 Be7 8.
Bd3 O-O 9. h4 Nh5 10. Bg5 f5 11. g3 a5 12. Rg1 h6 13. Bxe7 Qxe7 14. Ne5 Qe8 15.
Qb3 Qd8 16. g4 fxg4 17. Nxg4 Nf4 18. Bf1 Qxh4 19. O-O-O h5 20. Qxb6 Bc6 21. Ne5
Qxf2 22. Bc4 Ne2+ 23. Bxe2 Qxe2 24. Qc5 Bg2 25. Rde1 Qf2 26. Ng6 Rf5 27. Ne7+
Kh7 28. Nxf5 Na6 29. Qe7 exf5 30. Qg5 Re8 31. Qxh5+ 1-0

[Event "Ýòàï Êóáêà Ðîññèè ïî øàõìàòàì ñðåäè æåí"]
[Site "Naberezhnye Chelny"]
[Date "2017.08.05"]
[Round "4.14"]
[White "Áóäêèíà, Êàðîëèíà."]
[Black "Ñîñíèíà, Åêàòåðèíà."]
[Result "0-1"]
[WhiteElo "1380"]
[BlackElo "1732"]
[PlyCount "30"]
[EventDate "2017.08.02"]

1. e4 d5 2. exd5 Nf6 3. Nf3 Bg4 4. Be2 Qxd5 5. Nc3 Qf5 6. d4 Nc6 7. O-O O-O-O
8. Be3 e6 9. a3 Bc5 10. Bd3 Qh5 11. dxc5 Ne5 12. h3 Nxf3+ 13. gxf3 Bxf3 14. Be2
Qg6+ 15. Kh2 Qg2# 0-1

[Event "Ýòàï Êóáêà Ðîññèè ïî øàõìàòàì ñðåäè æåí"]
[Site "Naberezhnye Chelny"]
[Date "2017.08.05"]
[Round "4.15"]
[White "Ëûñåíêî, Îëåñÿ."]
[Black "Ìàãèçîâà, ßíà."]
[Result "1-0"]
[WhiteElo "1658"]
[BlackElo "1556"]
[PlyCount "103"]
[EventDate "2017.08.02"]

1. e4 e5 2. Nc3 Nc6 3. Bc4 Nf6 4. d3 Bb4 5. Bd2 d6 6. a3 Bc5 7. Nge2 Be6 8.
Bxe6 fxe6 9. O-O Qe7 10. Na4 d5 11. Nxc5 Qxc5 12. Be3 Qe7 13. f3 O-O-O 14. Qe1
d4 15. Bd2 h5 16. b4 h4 17. b5 Nb8 18. a4 Nh5 19. a5 g5 20. Qc1 Nf4 21. Nxf4
exf4 22. c4 h3 23. g3 fxg3 24. hxg3 Rdg8 25. Kh2 Nd7 26. Ra4 Ne5 27. Bb4 Qg7
28. Qd1 g4 29. f4 Nf3+ 30. Rxf3 gxf3 31. Qxf3 Qh6 32. Ra1 Rh7 33. Be1 Qf6 34.
e5 Qd8 35. a6 b6 36. Qb7+ Kd7 37. Qxa7 Ke8 38. Qb7 Kf7 39. Bf2 Kg6 40. Qe4+ Kh6
41. Bxd4 Rd7 42. Be3 Kg7 43. d4 Qe8 44. Re1 Qe7 45. f5 Qb4 46. f6+ Kh8 47. Rf1
Qxc4 48. Rf4 Rh7 49. f7 Rf8 50. Qg6 Qe2+ 51. Bf2 Qf1 52. Qf6+ 1-0

[Event "Ýòàï Êóáêà Ðîññèè ïî øàõìàòàì ñðåäè æåí"]
[Site "Naberezhnye Chelny"]
[Date "2017.08.05"]
[Round "4.16"]
[White "Àëèøåâà, Àéãóëü."]
[Black "Àõòûðñêàÿ, Àíàñòàñèÿ."]
[Result "1-0"]
[WhiteElo "1199"]
[BlackElo "1468"]
[PlyCount "130"]
[EventDate "2017.08.02"]

1. e4 d5 2. exd5 Qxd5 3. Nc3 Qa5 4. d4 Nf6 5. Nf3 Bf5 6. Bd2 c6 7. Bc4 e6 8.
Nd5 Qd8 9. Nxf6+ Qxf6 10. Bg5 Qg6 11. Bb3 Bd6 12. h4 f6 13. h5 Qf7 14. Be3 Nd7
15. Nh4 Be4 16. f3 Bg3+ 17. Bf2 Bxf2+ 18. Kxf2 Bd5 19. c4 Qxh5 20. g3 O-O-O 21.
cxd5 exd5 22. Ng2 Qf7 23. Qd2 h6 24. Bc2 Nb6 25. Bf5+ Kb8 26. Nf4 Nc4 27. Qc2
Qe7 28. Rae1 Qb4 29. b3 Na3 30. Qd3 Nb5 31. Rd1 Rde8 32. Qd2 Qd6 33. a4 Nc7 34.
Rhe1 h5 35. Rxe8+ Rxe8 36. Nxh5 Rh8 37. Qf4 Qa3 38. Re1 Qb2+ 39. Re2 Qxb3 40.
Bc2 Qa3 41. g4 Qf8 42. Bg6 Qd8 43. Nxg7 Ka8 44. Nh5 Rf8 45. Bf5 Ne8 46. Qe3 Qb8
47. Kg2 Nd6 48. Qd3 Qd8 49. Re6 Ne8 50. Qe3 Nd6 51. Bg6 f5 52. Qf4 fxg4 53.
Rxd6 gxf3+ 54. Kf2 Qe7 55. Rf6 Qe2+ 56. Kg3 Qe1+ 57. Kg4 Qg1+ 58. Ng3 Rxf6 59.
Qxf6 a6 60. Qxf3 Qxd4+ 61. Kh3 Qh8+ 62. Bh5 d4 63. a5 Qc8+ 64. Bg4 Qd8 65. Qd3
Qxa5 {....} 1-0

[Event "Ýòàï Êóáêà Ðîññèè ïî øàõìàòàì ñðåäè æåí"]
[Site "Naberezhnye Chelny"]
[Date "2017.08.05"]
[Round "4.17"]
[White "Øàêèðîâà, Êàðèíà."]
[Black "Ãàåð, Ìàðãàðèòà."]
[Result "0-1"]
[WhiteElo "1172"]
[BlackElo "1521"]
[PlyCount "60"]
[EventDate "2017.08.02"]

1. e4 e6 2. d4 d5 3. exd5 exd5 4. Nf3 Bd6 5. Nc3 Ne7 6. Be2 c6 7. O-O O-O 8.
Re1 Nd7 9. Qd3 Nf6 10. Bg5 Bf5 11. Qd2 Ng6 12. Bd3 Bxd3 13. Qxd3 h6 14. Bh4
Nxh4 15. Nxh4 Qc7 16. Nf3 Rfe8 17. Qf5 Qb6 18. Na4 Qb4 19. b3 Ne4 20. Qd7 Re7
21. Qf5 Rae8 22. h3 Qa5 23. Nh2 Qd2 24. Ng4 Qxd4 25. Rad1 Qb4 26. f3 Ng3 27.
Rxe7 Rxe7 28. Qd3 Re1+ 29. Rxe1 Qxe1+ 30. Kh2 Qh1# 0-1

[Event "Ýòàï Êóáêà Ðîññèè ïî øàõìàòàì ñðåäè æåí"]
[Site "Naberezhnye Chelny"]
[Date "2017.08.05"]
[Round "4.18"]
[White "Íóðóëëèíà, Ðàëèíà."]
[Black "Ìàëüöåâà, Àëåêñàíäðà."]
[Result "1-0"]
[WhiteElo "1080"]
[BlackElo "1145"]
[PlyCount "57"]
[EventDate "2017.08.02"]

1. e4 e5 2. Nf3 Nc6 3. Bc4 Nf6 4. d3 d5 5. exd5 Nxd5 6. O-O Bg4 7. Nbd2 Bc5 8.
c3 Bb6 9. Ne4 h6 10. Qb3 Na5 11. Qa4+ c6 12. Nxe5 Be6 13. Qd1 O-O 14. Qf3 f5
15. Ng3 Qf6 16. Re1 Rae8 17. Nh5 Qd8 18. Qg3 Qc7 19. Bxh6 Re7 20. Ng6 f4 21.
Nxe7+ Qxe7 22. Qg6 Rf7 23. Rxe6 Qd7 24. Bxd5 cxd5 25. Nf6+ Rxf6 26. Rxf6 Bc7
27. Re1 Nc6 28. Re8+ Qxe8 29. Qxg7# 1-0

[Event "Ýòàï Êóáêà Ðîññèè ïî øàõìàòàì ñðåäè æåíù"]
[Site "Naberezhnye Chelny"]
[Date "2017.08.06"]
[Round "5.1"]
[White "Íå÷àåâà, Ìàðèíà."]
[Black "Ãóòêîâè÷, Ïîëèíà."]
[Result "1-0"]
[WhiteElo "2432"]
[BlackElo "1885"]
[PlyCount "83"]
[EventDate "2017.08.02"]

1. d4 d5 2. c4 e6 3. Nc3 c6 4. e3 Nf6 5. Nf3 Nbd7 6. Qc2 b6 7. Bd3 Ba6 8. b3
Rc8 9. O-O Bb4 10. Bb2 O-O 11. Rfd1 Qe7 12. a3 Bxc3 13. Bxc3 c5 14. Qe2 Ne4 15.
Bb2 cxd4 16. exd4 f5 17. Rac1 Bb7 18. Nd2 Qd6 19. Nf1 Ndf6 20. Re1 Rce8 21. f3
Ng5 22. Qd2 h6 23. c5 Qc7 24. b4 Ngh7 25. c6 Bc8 26. b5 g5 27. a4 Kh8 28. Ra1
f4 29. Qe2 Qg7 30. Ba3 Rg8 31. Bd6 e5 32. Bxe5 g4 33. Bxh7 Kxh7 34. Qd3+ Kh8
35. Ra2 Qg5 36. fxg4 Bxg4 37. Rf2 f3 38. g3 Bh5 39. Nd2 Rxe5 40. Rxe5 Qf4 41.
Qf5 Qh4 42. Nxf3 1-0

[Event "Ýòàï Êóáêà Ðîññèè ïî øàõìàòàì ñðåäè æåíù"]
[Site "Naberezhnye Chelny"]
[Date "2017.08.06"]
[Round "5.2"]
[White "Ñåìåíîâà, Åëåíà."]
[Black "Ìèðçîåâà, Ýëüìèðà."]
[Result "0-1"]
[WhiteElo "2275"]
[BlackElo "2307"]
[PlyCount "90"]
[EventDate "2017.08.02"]

1. e4 c5 2. Nf3 Nc6 3. Bb5 g6 4. Bxc6 bxc6 5. O-O Bg7 6. Re1 Nh6 7. c3 O-O 8.
h3 f5 9. e5 Nf7 10. d4 cxd4 11. cxd4 c5 12. dxc5 Bb7 13. Ng5 Qc7 14. Nxf7 Rxf7
15. Qd4 Rc8 16. Nc3 Qc6 17. f3 Qxc5 18. Qxc5 Rxc5 19. f4 g5 20. Be3 Rc4 21. e6
dxe6 22. fxg5 Rb4 23. Rab1 a6 24. Red1 f4 25. Bc5 Rc4 26. Rd8+ Bf8 27. Bd4 Rf5
28. b3 Rc6 29. Re1 Rxg5 30. Ne4 Rd5 31. Rxd5 exd5 32. Ng5 Bc8 33. Be5 Rc2 34.
a4 Bf5 35. Bxf4 h6 36. Nf3 Be4 37. Nd2 Bg6 38. Re5 d4 39. Nf3 d3 40. Re6 Bh5
41. g4 Bf7 42. Rxa6 Bd5 43. Nd2 e5 44. Be3 Bb4 45. Ra7 Bxd2 0-1

[Event "Ýòàï Êóáêà Ðîññèè ïî øàõìàòàì ñðåäè æåíù"]
[Site "Naberezhnye Chelny"]
[Date "2017.08.06"]
[Round "5.3"]
[White "Õàðìóíîâà, Íàäåæäà."]
[Black "Øàôèãóëëèíà, Çàðèíà."]
[Result "0-1"]
[WhiteElo "2162"]
[BlackElo "2086"]
[PlyCount "68"]
[EventDate "2017.08.02"]

1. d4 Nf6 2. c4 e6 3. Nf3 b6 4. g3 Ba6 5. Nbd2 c6 6. Bg2 Be7 7. O-O O-O 8. Re1
d5 9. Ne5 Nfd7 10. cxd5 Nxe5 11. dxe5 cxd5 12. e4 d4 13. Nf3 Nc6 14. Qa4 Bb7
15. Rd1 Bc5 16. Bg5 Qb8 17. Rac1 h6 18. Bf4 g5 19. Bd2 a5 20. h4 Nxe5 21. hxg5
Bc6 22. Qb3 a4 23. Qc2 d3 24. Qc3 Nxf3+ 25. Kh1 Bxe4 26. gxh6 Bd4 27. Qxd4 Nxd4
28. Bxe4 Qe5 29. Re1 Ne2 30. h7+ Kg7 31. Bxa8 Qh5+ 32. Kg2 Rxa8 33. Rc7 Qd5+
34. f3 Qd6 0-1

[Event "Ýòàï Êóáêà Ðîññèè ïî øàõìàòàì ñðåäè æåíù"]
[Site "Naberezhnye Chelny"]
[Date "2017.08.06"]
[Round "5.4"]
[White "Õëè÷êîâà, Òàòüÿíà."]
[Black "Ñîñíèíà, Íàäåæäà."]
[Result "1-0"]
[WhiteElo "2285"]
[BlackElo "1687"]
[PlyCount "85"]
[EventDate "2017.08.02"]

1. d4 Nf6 2. Bg5 Ne4 3. Bf4 c5 4. f3 Nf6 5. d5 d6 6. c4 e5 7. Bg5 Be7 8. Bxf6
Bxf6 9. Nc3 e4 10. Qc2 O-O 11. Nxe4 Bd4 12. Nc3 Be3 13. Nd1 Re8 14. Nxe3 Rxe3
15. Qd2 Qe7 16. Kf2 Re5 17. e3 Nd7 18. Bd3 Nf6 19. e4 Nh5 20. Ne2 Qf6 21. Rhf1
Qg6 22. f4 Re8 23. Qc2 Qg4 24. Kg1 Bd7 25. Rf3 Re7 26. Raf1 Rae8 27. Ng3 f5 28.
Nxf5 Bxf5 29. exf5 Re3 30. Qd2 Rxf3 31. Rxf3 h6 32. Qf2 Nf6 33. h3 Qh5 34. g4
Qf7 35. Re3 b5 36. b3 bxc4 37. bxc4 Rxe3 38. Qxe3 Qb7 39. g5 hxg5 40. fxg5 Nh7
41. Qe6+ Qf7 42. Qxf7+ Kxf7 43. g6+ 1-0